Mierové sily Organizácie Spojených národov na Cypre bakalárska práca

Na minha lista:
Detalhes bibliográficos
Autor principal: Krajíčková, Aneta
Autor Corporativo: Fakulta medzinárodných vzťahov EU. Katedra medzinárodných politických vzťahov
Outros Autores: Duda, Zuzana, 1995-
Formato: Livro
Idioma:eslovaco
Publicado em: Bratislava 2023
Tags: Adicionar Tag
Sem tags, seja o primeiro a adicionar uma tag!

MARC

LEADER 00000nbm a2200000 4500
001 0293202
005 20240611140417.1
041 0 |a slo 
044 |a SK 
245 1 0 |a Mierové sily Organizácie Spojených národov na Cypre  |b bakalárska práca  |c Aneta Krajíčková ; školiteľ: Zuzana Duda 
264 1 |a Bratislava  |c 2023 
300 |a 45 s. 
100 1 |a Krajíčková, Aneta 
700 1 |a Duda, Zuzana, 1995- 
710 2 |a Fakulta medzinárodných vzťahov EU. Katedra medzinárodných politických vzťahov